Statistiche per Articoli Determinativi e Indeterminativi

Clicka qui per fare il quiz!

Statistiche generali

  • Questo quiz è stato fatto 73 volte
  • Il punteggio medio è 11 su 11

Statistiche sulle risposte

Articoli% Corretto
I
100%
L'
100%
La
100%
Lo
100%
Gli
98%
Le
95%
Un
95%
Un'
95%
Una
95%
Uno
94%
Il
92%

Distribuzione punteggi

Percentile per numero di risposta

Percentuale di utenti per punteggio

I tuoi punteggi nel tempo

Non hai fatto questo quiz